000 00734nam a2200289Ia 4500
005 20260324132449.0
008 008 260324s9999 xx 000 0 eng d
020 _a9781410610102
037 _aEBOOK
040 _aCRL
040 _beng
040 _cCRL
041 _2eng
041 _aeng
084 _qCRL
100 _aDavid V. Day; Stanley M. Halpin; Stephen J. Zaccaro
_91189375
245 0 _aLeader Development for Transforming Organizations
245 0 _bGrowing Leaders for Tomorrow
260 _bTaylor and Francis
260 _c2004
365 _a
365 _b240
856 _uhttp://www.taylorfrancis.com/books/9781410610102
942 _cEBOOK
999 _c1787519
_d1787519